| 000 | 00951nam a2200289 i 4500 | ||
|---|---|---|---|
| 001 | 8344 | ||
| 003 | ES-MaACL | ||
| 005 | 20250822032534.0 | ||
| 007 | t| | ||
| 008 | 920505s1987 sp ||||1| spa d | ||
| 020 | _a84-206-6516-9 | ||
| 080 | _a159.937.5 | ||
| 080 | _a159.91 | ||
| 100 | 1 |
_aFrisby, John P. _952670 |
|
| 245 | 1 | 0 |
_aDel ojo a la visión _b: ilusión, cerebro y mente / _cJohn P. Frisby ; versión española de Elvira García Bajos y Julio Lillo Jover. |
| 260 |
_aMadrid : _bAlianza, _cD.L. 1987. |
||
| 300 |
_a231 p., 24 p. de lám. col. : _bil. ; _c24 cm. |
||
| 490 | 1 | _aAlianza psicología | |
| 500 | _aIndices. | ||
| 650 | 1 | 4 |
_aPercepción visual. _915933 |
| 650 | 1 | 7 |
_aPsicología fisiológica _2embne _916565 |
| 700 | 1 |
_aGarcía Bajos, Elvira. _954213 |
|
| 700 | 1 |
_aLillo Jover, Julio. _972296 |
|
| 830 | 0 |
_aAlianza psicología _9178168 |
|
| 852 |
_aES-MaACL _jL-15697 _bR.119749 |
||
| 999 |
_c8344 _d8344 |
||